000 00243nam a2200097Ia 4500
001 726469
005 20250826163429.0
008 250824s9999 xx 000 0 und d
245 0 _aGECE UÇUŞU
_cANTOINE DE SAINT
260 _bATLIKARINCA YAYINLARI
999 _c726469
_d726469